书目信息 |
| 题名: |
菌类家常菜一学就会
|
|
| 作者: | 甘智荣 主编 | |
| 分册: | ||
| 出版信息: | 南京 江苏凤凰科学技术出版社 2015.07 |
|
| 页数: | 160页 | |
| 开本: | 26cm | |
| 丛书名: | ||
| 单 册: | ||
| 中图分类: | TS972.123 | |
| 科图分类: | ||
| 主题词: | 饮食业--供应技术 | |
| 电子资源: | ||
| ISBN: | 978-7-5537-4318-9 | |
| 000 | 00570nam0 2200181 450 | |
| 001 | 436 | |
| 005 | 20160906084425.01 | |
| 010 | @a978-7-5537-4318-9@dCNY29.80 | |
| 100 | @a20160722d2015 km y0chiy0120 ea | |
| 101 | 0 | @achi |
| 200 | 1 | @a菌类家常菜一学就会@Ajun lei jia chang cai yi xue jiu hui@f甘智荣主编@Fgan zhi rong zhu bian |
| 210 | @a南京@c江苏凤凰科学技术出版社@d2015.07 | |
| 215 | @a160页@d26cm | |
| 606 | 0 | @a饮食业@x供应技术 |
| 690 | @aTS972.123@v4 | |
| 701 | 0 | @a甘智荣@Agan zhi rong@4主编 |
| 801 | 0 | @aCN@b唐山师范学院图书馆@c20160722 |
| 905 | @aZUCC@dTS972.123@e387 | |
| 菌类家常菜一学就会/甘智荣主编.-南京:江苏凤凰科学技术出版社,2015.07 |
| 160页;26cm |
| ISBN 978-7-5537-4318-9:CNY29.80 |
| ● |
| 相关链接 |
|
|
|
|
正题名:菌类家常菜一学就会
索取号:TS972.123/387
 
预约/预借
| 序号 | 登录号 | 条形码 | 馆藏地/架位号 | 状态 | 备注 |
| 1 | 901852 | 209018524 | 第二样本阅览室/ [索取号:TS972.123/387] | 在馆 | |
| 2 | 901853 | 209018533 | 第三借阅区/ [索取号:TS972.123/387] | 在馆 | |
| 3 | 901854 | 209018542 | 第三借阅区/ [索取号:TS972.123/387] | 在馆 | |
| 4 | 901855 | 209018551 | 第三借阅区/ [索取号:TS972.123/387] | 在馆 | |
| 5 | 901856 | 209018560 | 第三借阅区/ [索取号:TS972.123/387] | 在馆 |